| 000 | 00604nam a22002057a 4500 | ||
|---|---|---|---|
| 999 |
_c7779 _d7779 |
||
| 003 | AR-CdUCM | ||
| 008 | 190321b ||||| |||| 00| 0 spa d | ||
| 040 |
_aMUNICIPALIDAD PROVINCIAL DEL CUSCO _cBIBLIOTECA MUNICIPAL DEL CUSCO |
||
| 041 | _hger | ||
| 082 |
_22ed. _a838.915 / _bR59 |
||
| 100 |
_aRilke, Rainer María _917514 |
||
| 245 | _aAntología poética / | ||
| 260 |
_aBarcelona : _bZeus, _c1964. |
||
| 300 |
_aXVI ; 205 páginas ; _c18 cm. |
||
| 650 |
_aPoesías alemanas _96620 |
||
| 650 |
_aSiglo XX _98 |
||
| 700 |
_aHurtado Giol, A. (traductor) _921985 |
||
| 942 |
_2ddc _cLIBROS |
||
| 945 | _azta | ||